|
|
|
|
| LEADER |
00992nam a22002657a 4500 |
| 001 |
42657 |
| 003 |
BD-DhAAL |
| 008 |
240609r19931981enka|||| |||| 001 0 eng d |
| 020 |
|
|
|a 0199140650
|
| 020 |
|
|
|a 9780199140657
|
| 040 |
|
|
|a BD-DhAAL
|c BD-DhAAL
|
| 082 |
|
|
|a 612
|
| 100 |
|
|
|a Beckett, B. S.
|9 56527
|
| 245 |
|
|
|a Illustrated human and social biology /
|c B.S. Beckett.
|
| 264 |
|
|
|a Oxford :
|b Oxford University Press,
|c 1981 [reprinted 1993].
|
| 300 |
|
|
|a 211 pages :
|b illustrations ;
|c 28 cm.
|
| 500 |
|
|
|a Includes index.
|
| 541 |
|
|
|a Savar Campus Library (RS)
|e 42657
|
| 650 |
|
|
|a Human biology.
|9 9561
|
| 650 |
|
|
|a Human biology
|x Social aspects.
|9 56528
|
| 650 |
|
|
|a Biology
|x Social aspects.
|9 56529
|
| 852 |
|
|
|a Savar Campus Library
|c General Stacks
|
| 942 |
|
|
|2 ddc
|c BK
|
| 999 |
|
|
|c 46715
|d 46715
|
| 952 |
|
|
|0 0
|1 0
|2 ddc
|4 0
|6 612_000000000000000_BEC
|7 0
|9 75629
|a SCL
|b SCL
|c GEN
|d 2024-06-09
|e Savar Campus Library (RS)
|l 0
|o 612 BEC
|p 3020042657
|r 2024-06-09
|t 1
|w 2024-06-09
|y BK
|x Savar Campus Library (RS)
|